S02-0 駅名クイズ - JR東日本 ver. - Statistics

General Stats
  • This quiz has been taken 495 times
    178 since last reset
  • The average score is 775 of 1962
Answer Stats
Number Answer % Correct
| JJ01 | JK30 | +2 others 上野
96%
| JA26 | JK47 | +2 others 大宮
96%
| JC01 | JE01 | +5 others 東京
94%
JK20 | JO17 | JT03 | JY25 品川
92%
宇都宮
91%
高崎
91%
仙台
90%
JB19 | JK28 | JY03 秋葉原
88%
山形
87%
秋田
87%
JC02 | JK27 | JY02 神田
87%
JA12 | JS21 | JY13 池袋
87%
JA11 | JB10 | JC05 | +2 others 新宿
87%
JA10 | JS19 | JY20 渋谷
87%
JK12 | JO13 | JS13 | JT05 横浜
87%
福島
86%
JJ02 | JK32 | JY07 日暮里
86%
JK33 | JY08 西日暮里
86%
JK21 | JY26 高輪ゲートウェイ
86%
| JC22 | JH32 八王子
86%
盛岡
85%
新青森
85%
JK29 | JY04 御徒町
85%
JY22 目黒
85%
JA08 | JS17 | JY24 大崎
85%
小山
83%
郡山
83%
北上
83%
八戸
83%
JK31 | JY06 鶯谷
83%
JK34 | JY09 田端
83%
JK24 | JO18 | JT02 | JY29 新橋
83%
JK16 | JN01 | JT04 川崎
83%
JK46 | JU06 さいたま新都心
83%
JA15 | JK38 | JS22 | JU04 赤羽
83%
水戸
83%
那須塩原
82%
JY10 駒込
82%
JY15 高田馬場
82%
JN07 | JO15 | JS15 武蔵小杉
82%
JC19 | JN26 立川
82%
| JB39 | JO28 千葉
82%
JK01 | JO09 | JS09 | JT07 大船
82%
JT21 熱海
82%
JK43 | JS23 | JU05 浦和
82%
| SE13 長野
81%
JY11 巣鴨
81%
JY12 大塚
81%
JY14 目白
81%
JK22 | JY27 田町
81%
JK23 | JY28 浜松町
81%
JK25 | JY30 有楽町
81%
JI01 | JK15 鶴見
81%
新潟
79%
JY16 新大久保
79%
JY19 原宿
79%
JA09 | JS18 | JY21 恵比寿
79%
JY23 五反田
79%
JB18 | JC03 御茶ノ水
79%
JB01 | JC12 三鷹
79%
JC24 高尾
79%
JC62 青梅
79%
熊谷
78%
JA21 | JM26 武蔵浦和
78%
JB30 | JM10 西船橋
78%
川越
78%
JB07 | JC06 中野
78%
JB04 | JC09 荻窪
78%
JC16 国分寺
78%
JO07 | JS07 鎌倉
78%
JT08 藤沢
78%
JT16 小田原
78%
いわき
78%
新白河
77%
JH16 新横浜
77%
JB03 | JC10 西荻窪
77%
JC18 国立
77%
CO43 甲府
77%
JB17 水道橋
77%
JO03 横須賀
77%
JK39 川口
77%
| JO35 成田
77%
JB11 | JY18 代々木
76%
JK42 | JM25 南浦和
76%
JE07 舞浜
76%
JB31 | JO25 船橋
76%
本庄
76%
JJ07 | JL28
76%
| JJ08 | JL30 我孫子
76%
SN07 田沢
76%
本庄早稲田
74%
越後湯沢
74%
軽井沢
74%
JH13 | JK13 東神奈川
74%
JE05 新木場
74%
JB14 | JC04 四ツ谷
74%
JB06 | JC07 高円寺
74%
JB02 | JC11 吉祥寺
74%
JC15 武蔵小金井
74%
JC23 西八王子
74%
| JT10 茅ケ崎
74%
JU03 尾久
74%
JJ05 北千住
74%
鹿島
74%
北浦
74%
上田
73%
新庄
73%
田沢湖
73%
JM35 | JN20 府中本町
73%
JC17 | JM33 西国分寺
73%
JB05 | JC08 阿佐ケ谷
73%
JC20 日野
73%
JC21 豊田
73%
JB08 東中野
73%
JO06 | JS06 逗子
73%
JK45 与野
73%
JK44 北浦和
73%
長岡
72%
JI08 | JN54 浜川崎
72%
JC74 奥多摩
72%
JB33 | JO26 津田沼
72%
JB22 | JO22 錦糸町
72%
JB16 飯田橋
72%
JO10 | JS10 | JT06 戸塚
72%
JO14 | JS14 新川崎
72%
JO16 | JS16 西大井
72%
JT11 平塚
72%
JK41
72%
JK40 西川口
72%
JK36 王子
72%
JK17 蒲田
72%
JK11 桜木町
72%
JJ04 南千住
72%
JJ06 | JL22 松戸
72%
新木
72%
くりこま高原
71%
新花巻
71%
JM24 東浦和
71%
JE02 八丁堀
71%
JE14 海浜幕張
71%
蘇我
71%
JC13 武蔵境
71%
JC32 大月
71%
JB27 | JO24 市川
71%
JO08 | JS08 北鎌倉
71%
JI52 海芝浦
71%
JK18 大森
71%
白石
71%
| JJ10 | JL32 取手
71%
日立
71%
天童
69%
JE06 葛西臨海公園
69%
JC86 武蔵五日市
69%
JB35 幕張
69%
JI61 大川
69%
JT20 湯河原
69%
JK19 大井町
69%
JA14 十条
69%
水沢
69%
前橋
69%
安中
69%
42 | SN06 松本
69%
白石蔵王
68%
古川
68%
一ノ関
68%
水沢江刺
68%
二戸
68%
飯山
68%
上越妙高
68%
米沢
68%
JH27 相模原
68%
JM27 西浦和
68%
JE08 新浦安
68%
JB26 小岩
68%
JB25 | JO23 新小岩
68%
JB13 信濃町
68%
JB12 千駄ケ谷
68%
JO01 久里浜
68%
JO11 | JS11 東戸塚
68%
JO12 | JS12 保土ケ谷
68%
JO20 新日本橋
68%
JO21 馬喰町
68%
JK10 関内
68%
| JK07 根岸
68%
JA19 戸田
68%
土浦
68%
燕三条
67%
安中榛名
67%
JM21 越谷レイクタウン
67%
高麗川
67%
JB37 | JO27 稲毛
67%
JB20 浅草橋
67%
JB15 市ケ谷
67%
JO29 東千葉
67%
JT12 大磯
67%
JK37 東十条
67%
JA13 板橋
67%
勝田
67%
JO37 成田空港
67%
67%
七戸十和田
65%
JH23 町田
65%
| JH28 橋本
65%
JL25 | JM15 新松戸
65%
JE17 千葉みなと
65%
CO57 上諏訪
65%
| CO61 | SN01 塩尻
65%
| JC55 拝島
65%
JB21 両国
65%
| JB09 大久保
65%
JK35 上中里
65%
JK14 新子安
65%
JA23 南与野
65%
小金井
65%
上尾
65%
JJ03 三河島
65%
JL27 南柏
65%
大曲
64%
JN14 登戸
64%
JM28 北朝霞
64%
JE03 越中島
64%
西大宮
64%
JC27 上野原
64%
CO41 石和温泉
64%
| CO51 小淵沢
64%
CO58 下諏訪
64%
JB38 西千葉
64%
JB28 本八幡
64%
JT13 二宮
64%
JT14 国府津
64%
JA24 与野本町
64%
東大宮
64%
JL20 亀有
64%
JT26 伊東
64%
SE09 | SN15 篠ノ井
64%
浦佐
63%
佐久平
63%
かみのやま温泉
63%
JH15 菊名
63%
JN02 尻手
63%
JE04 潮見
63%
JE11 南船橋
63%
JC25 相模湖
63%
CO39 山梨市
63%
辰野
63%
JC51 西立川
63%
JB34 幕張本郷
63%
JB24 平井
63%
JB23 亀戸
63%
JO33 佐倉
63%
JT09 辻堂
63%
JT17 早川
63%
JT18 根府川
63%
SO51 羽沢横浜国大
63%
JA18 戸田公園
63%
黒磯
63%
名取
63%
JL29 北柏
63%
ガーラ湯沢
63%
天王
63%
いわて沼宮内
62%
上毛高原
62%
さくらんぼ東根
62%
JM30 東所沢
62%
JM29 新座
62%
JM22 南越谷
62%
JM20 吉川
62%
JM11 船橋法典
62%
JE09 市川塩浜
62%
JE12 新習志野
62%
JE16 稲毛海岸
62%
JC14 東小金井
62%
CO36 勝沼ぶどう郷
62%
CO44 竜王
62%
JT19 真鶴
62%
JA17 浮間舟渡
62%
JA22 中浦和
62%
JA25 北与野
62%
JJ09 | JL31 天王台
62%
友部
62%
水上
62%
中浦
62%
石川
62%
JH19 中山
60%
JM31 新秋津
60%
日進
60%
CO46 韮崎
60%
JB32 東船橋
60%
JO31 四街道
60%
成東
60%
久喜
60%
栗橋
60%
南仙台
60%
鴻巣
60%
JL19 綾瀬
60%
60%
本千葉
60%
石巻
60%
さくらんぼ東根
60%
雫石
59%
JM19 吉川美南
59%
JM17 三郷
59%
CO37 塩山
59%
JC54 昭島
59%
銚子
59%
海老名
59%
JK04 洋光台
59%
JK03 港南台
59%
JA16 北赤羽
59%
古河
59%
白河
59%
岩沼
59%
松島
59%
籠原
59%
深谷
59%
JL21 金町
59%
高萩
59%
木更津
59%
横川
59%
角館
58%
JM34 北府中
58%
JM23 東川口
58%
JE13 幕張豊砂
58%
JK06 磯子
58%
自治医大
58%
宝積寺
58%
北上尾
58%
桶川
58%
倉賀野
58%
JL23 北松戸
58%
JL24 馬橋
58%
龍ケ崎市
58%
牛久
58%
ひたち野うしく
58%
浪江
58%
桐生
58%
日光
58%
大石田
56%
JN09 武蔵新城
56%
JN10 武蔵溝ノ口
56%
JN21 分倍河原
56%
JN25 西国立
56%
JM16 南流山
56%
JE15 検見川浜
56%
CO56 茅野
56%
JC57 福生
56%
JC61 東青梅
56%
JI02 国道
56%
JI51 新芝浦
56%
JT15 鴨宮
56%
JK08 山手
56%
JK05 新杉田
56%
土呂
56%
北鴻巣
56%
原ノ町
56%
新前橋
56%
安房鴨川
56%
東金
56%
高畠
55%
赤湯
55%
JH17 小机
55%
JH21 長津田
55%
JH24 古淵
55%
JM32 新小平
55%
JE10 二俣新町
55%
JC60 河辺
55%
JB29 下総中山
55%
JK09 石川町
55%
JA20 北戸田
55%
蓮田
55%
利府
55%
湯本
55%
上総一ノ宮
55%
勝浦
55%
JO34 酒々井
55%
青森
55%
久留里
55%
55%
村山
54%
JH14 大口
54%
JH20 十日市場
54%
JH30 八王子みなみ野
54%
JN08 武蔵中原
54%
南古谷
54%
JC31 猿橋
54%
| CO59 岡谷
54%
JC58 羽村
54%
JI07 武蔵白石
54%
厚木
54%
JK02 本郷台
54%
雀宮
54%
岡本
54%
西那須野
54%
花巻
54%
偕楽園
54%
相馬
54%
栃木
54%
足利
54%
君津
54%
館山
54%
JN04 鹿島田
53%
JN22 西府
53%
JN51 八丁畷
53%
JM13 東松戸
53%
指扇
53%
西川越
53%
JO05 東逗子
53%
白岡
53%
新白岡
53%
矢板
53%
北本
53%
藤代
53%
石岡
53%
渋川
53%
東我孫子
53%
酒田
53%
JH18 鴨居
51%
JH25 淵野辺
51%
JH29 相原
51%
JM18 新三郷
51%
CO60 みどり湖
51%
小野
51%
JC52 東中神
51%
JC53 中神
51%
JO04 田浦
51%
JO30 都賀
51%
八街
51%
荒川沖
51%
双葉
51%
高崎問屋町
51%
大網
51%
JH31 片倉
50%
JN03 矢向
50%
JN16 稲田堤
50%
JN23 谷保
50%
JN53 小田栄
50%
JC28 四方津
50%
JO02 衣笠
50%
50%
JI10 扇町
50%
北茅ケ崎
50%
東鷲宮
50%
石橋
50%
安積永盛
50%
塩釜
50%
宮原
50%
行田
50%
勿来
50%
稲田
50%
JT22 来宮
50%
新津
50%
鹿島神宮
50%
JH22 成瀬
49%
JN18 稲城長沼
49%
JN19 南多摩
49%
JM14 新八柱
49%
JM12 市川大野
49%
JC26 藤野
49%
JC67 軍畑
49%
JC69 御嶽
49%
JC82 東秋留
49%
JI09 昭和
49%
間々田
49%
二本松
49%
長町
49%
東海
49%
常陸多賀
49%
大津港
49%
富岡
49%
佐野
49%
伊勢崎
49%
茂原
49%
袖ケ浦
49%
下総松崎
49%
会津若松
49%
烏山
49%
JO36 空港第2ビル
49%
JC29 梁川
47%
JC83 秋川
47%
JB36 新検見川
47%
松岸
47%
野木
47%
氏家
47%
小牛田
47%
新町
47%
JL26 北小金
47%
直江津
47%
SN05 南松本
47%
SN13 姨捨
47%
鶴岡
47%
気仙沼
47%
男鹿
47%
あしかがフラワーパーク
47%
JH26 矢部
46%
JN06 向河原
46%
JN13 宿河原
46%
JN15 中野島
46%
JN52 川崎新町
46%
CO38 東山梨
46%
JC59 小作
46%
JC73 白丸
46%
JC84 武蔵引田
46%
日向
46%
八日市場
46%
JI06 安善
46%
寒川
46%
赤塚
46%
大甕
46%
大野
46%
沼田
46%
土合
46%
佐原
46%
柏崎
46%
新発田
46%
坂町
46%
村上
46%
JN24 矢川
45%
JC30 鳥沢
45%
CO53 富士見
45%
JC85 武蔵増戸
45%
JI03 鶴見小野
45%
JI05 浅野
45%
南橋本
45%
東仙台
45%
吹上
45%
下館
45%
五井
45%
木下
45%
あおば通
45%
弘前
45%
久慈
45%
Jヴィレッジ
45%
JN05 平間
44%
JN17 矢野口
44%
的場
44%
武蔵高萩
44%
JC81 熊川
44%
JO32 物井
44%
南酒々井
44%
横芝
44%
JI04 弁天橋
44%
相武台下
44%
南福島
44%
太子堂
44%
新利府
44%
岡部
44%
神保原
44%
磯原
44%
誉田
44%
姉ケ崎
44%
香取
44%
JT24 網代
44%
三条
44%
大館
44%
釜石
44%
JN11 津田山
42%
JN12 久地
42%
CO35 甲斐大和
42%
JC56 牛浜
42%
蒲須坂
42%
須賀川
42%
岩切
42%
国府多賀城
42%
神立
42%
広野
42%
行川アイランド
42%
小林
42%
JT25 宇佐美
42%
喜多方
42%
横手
42%
只見
42%
笠幡
41%
CO33 初狩
41%
CO40 春日居町
41%
JC64 日向和田
41%
JC71 古里
41%
JC72 鳩ノ巣
41%
花巻空港
41%
夜ノ森
41%
亘理
41%
井野
41%
大原
41%
安食
41%
東三条
41%
北仙台
41%
北山
41%
北山形
41%
長野原草津口
41%
弥彦
41%
鹿島サッカースタジアム
41%
CO34 笹子
40%
JC66 二俣尾
40%
社家
40%
野崎
40%
伊達
40%
槻木
40%
館腰
40%
平泉
40%
佐和
40%
十王
40%
植田
40%
越後中里
40%
鎌取
40%
土気
40%
下総神崎
40%
湖北
40%
JT23 伊豆多賀
40%
松島海岸
40%
小川町
40%
寄居
40%
常陸太田
40%
上総亀山
40%
CO52 信濃境
38%
下溝
38%
原当麻
38%
上溝
38%
片岡
38%
高久
38%
東福島
38%
羽鳥
38%
内原
38%
湯檜曽
38%
岩原スキー場前
38%
越後川口
38%
結城
38%
安房小湊
38%
巌根
38%
上総湊
38%
浜金谷
38%
北高崎
38%
| SE11 川中島
38%
万座・鹿沢口
38%
大前
38%
潮来
38%
23 信濃大町
38%
JC63 宮ノ平
37%
JC65 石神前
37%
JC70 川井
37%
榎戸
37%
入谷
37%
黒田原
37%
白坂
37%
鏡石
37%
高浜
37%
岩間
37%
小木津
37%
草野
37%
山下
37%
前橋大島
37%
新茂原
37%
御宿
37%
千倉
37%
SN08 明科
37%
SN11 聖高原
37%
愛子
37%
多賀城
37%
常陸大子
37%
左沢
37%
CO45 塩崎
36%
CO49 日野春
36%
香川
36%
東白石
36%
大河原
36%
陸前山王
36%
南中郷
36%
久ノ浜
36%
大沢
36%
六日町
36%
宮内
36%
長浦
36%
あつみ温泉
36%
北八王子
36%
東飯能
36%
中之条
36%
41 北松本
36%
13 白馬
36%
CO42 酒折
35%
CO54 すずらんの里
35%
JC68 沢井
35%
倉見
35%
門沢橋
35%
豊原
35%
本宮
35%
越河
35%
竜田
35%
土樽
35%
小出
35%
笠間
35%
浜野
35%
八幡宿
35%
猪苗代
35%
羽前千歳
35%
和田
35%
東福生
35%
常陸大宮
35%
9 南小谷
35%
ほっとゆだ
35%
大湊
35%
CO50 長坂
33%
CO55 青柳
33%
飯岡
33%
宮山
33%
矢吹
33%
藤田
33%
紫波中央
33%
内郷
33%
四ツ倉
33%
浜吉田
33%
小田林
33%
本納
33%
八積
33%
布佐
33%
余目
33%
東塩釜
33%
東能代
33%
箱根ケ崎
33%
求名
33%
女川
33%
CO48 穴山
32%
番田
32%
安達
32%
石越
32%
矢幅
32%
木戸
32%
磐城太田
32%
群馬総社
32%
上牧
32%
富田
32%
東結城
32%
大和
32%
東浪見
32%
安房天津
32%
那古船形
32%
松井田
32%
西松井田
32%
| SE12 安茂里
32%
柿崎
32%
羽後本荘
32%
豊栄
32%
湯沢
32%
越生
32%
群馬藤岡
32%
今市
32%
野辺山
32%
小海
32%
十日町
32%
好摩
32%
五所川原
32%
CO47 新府
31%
川岸
31%
松尾
31%
干潟
31%
猿田
31%
泉崎
31%
松川
31%
船岡
31%
日詰
31%
仙北町
31%
末続
31%
新地
31%
坂元
31%
後閑
31%
思川
31%
永田
31%
磯部
31%
犀潟
31%
見附
31%
面白山高原
31%
山寺
31%
31%
東根
31%
毛呂
31%
小諸
31%
大平
31%
信濃川島
29%
久田野
29%
日和田
29%
五百川
29%
杉田
29%
愛宕
29%
新田
29%
小高
29%
上越国際スキー場前
29%
大平下
29%
岩舟
29%
上総興津
29%
岩井
29%
| SE10 今井
29%
加茂
29%
東新潟
29%
蔵王
29%
鷹ノ巣
29%
北藤岡
29%
鹿沼
29%
上菅谷
29%
福俵
29%
吉田
29%
能代
29%
貝田
28%
北白川
28%
前沢
28%
桃内
28%
八木原
28%
岩宿
28%
浪花
28%
大貫
28%
富浦
28%
下総橘
28%
群馬八幡
28%
SN02 広丘
28%
磐梯熱海
28%
高城町
28%
追分
28%
八郎潟
28%
大鰐温泉
28%
小宮
28%
児玉
28%
34 豊科
28%
白山
28%
宮古
28%
桑折
27%
品井沼
27%
鹿島台
27%
松山町
27%
瀬峰
27%
山ノ目
27%
日立木
27%
逢隈
27%
岩本
27%
越後堀之内
27%
小千谷
27%
小俣
27%
駒形
27%
川島
27%
長者町
27%
青堀
27%
佐貫町
27%
保田
27%
千歳
27%
和田浦
27%
久住
27%
青海川
27%
北長岡
27%
五泉
27%
宮城野原
27%
陸前原ノ町
27%
本塩釜
27%
津軽新城
27%
金子
27%
戸狩野沢温泉
27%
三厩
27%
寒河江
27%
金谷川
26%
陸中折居
26%
村崎野
26%
岩手飯岡
26%
石打
26%
山前
26%
国定
26%
宍戸
26%
三門
26%
江見
26%
小見川
26%
来迎寺
26%
SN03 村井
26%
水原
26%
鼠ケ関
26%
象潟
26%
苦竹
26%
小鶴新田
26%
西塩釜
26%
川部
26%
下菅谷
26%
32 穂高
26%
会津坂下
26%
倉橋
24%
田尻
24%
梅ケ沢
24%
油島
24%
花泉
24%
有壁
24%
金ケ崎
24%
駒ケ嶺
24%
玉戸
24%
竹岡
24%
安房勝山
24%
滑河
24%
SN04 平田
24%
北余目
24%
東照宮
24%
作並
24%
庭坂
24%
撫牛子
24%
十二橋
24%
南新庄
24%
遠野
24%
蟹田
24%
飯倉
23%
六原
23%
石鳥谷
23%
敷島
23%
北堀之内
23%
岩瀬
23%
南三原
23%
太海
23%
鯨波
23%
越後石山
23%
SN09 西条
23%
中条
23%
桑川
23%
東酒田
23%
遊佐
23%
新屋
23%
榴ケ岡
23%
矢本
23%
東矢本
23%
院内
23%
丹荘
23%
23%
中菅谷
23%
延方
23%
祇園
23%
今泉
23%
鳴子温泉
23%
上米内
23%
野辺地
23%
深浦
23%
津久田
22%
羽黒
22%
太東
22%
九重
22%
笹川
22%
椎柴
22%
亀田
22%
府屋
22%
女鹿
22%
仁賀保
22%
西新発田
22%
郡山富田
22%
板谷
22%
竹沢
22%
下野大沢
22%
22%
豊野
22%
下北
22%
津軽二股
22%
古館
21%
五日町
21%
福原
21%
鵜原
21%
大戸
21%
水郷
21%
下総豊里
21%
帯織
21%
田上
21%
さつき野
21%
月岡
21%
東北福祉大前
21%
真室川
21%
二ツ井
21%
碇ケ関
21%
折原
21%
松久
21%
袋田
21%
清里
21%
七日町
21%
西若松
21%
会津川口
21%
小野新町
21%
陸奥横浜
21%
鰺ケ沢
21%
清水原
19%
塩沢
19%
新治
19%
黒井
19%
SN10 坂北
19%
SN14 稲荷山
19%
磐梯町
19%
福田町
19%
茂吉記念館前
19%
天童南
19%
四ツ小屋
19%
泉外旭川
19%
土崎
19%
津軽湯の沢
19%
浪岡
19%
明覚
19%
用土
19%
小野上
19%
小野上温泉
19%
川原湯温泉
19%
鶴田
19%
磐城塙
19%
磐城石川
19%
河合
19%
横田
19%
東横田
19%
刈羽
19%
分水
19%
北吉田
19%
鹿角花輪
19%
19%
八色
18%
越後滝谷
18%
土底浜
18%
米山
18%
東光寺
18%
SN12 冠着
18%
五十川
18%
吹浦
18%
羽後牛島
18%
国見
18%
楯山
18%
中野栄
18%
陸前赤井
18%
石巻あゆみ野
18%
陸前山下
18%
井川さくら
18%
森岳
18%
金島
18%
大金
18%
文挟
18%
常陸青柳
18%
磐城棚倉
18%
上総清川
18%
馬来田
18%
平山
18%
東柏崎
18%
新潟大学前
18%
北三条
18%
小国
18%
会津柳津
18%
最上
18%
押切
17%
羽生田
17%
矢代田
17%
古津
17%
荻川
17%
越後早川
17%
越後寒川
17%
佐々木
17%
猪苗代湖畔
17%
野沢
17%
東新津
17%
陸前落合
17%
奥新川
17%
陸前高砂
17%
陸前浜田
17%
野蒜
17%
陸前小野
17%
関根
17%
北大石田
17%
大釈迦
17%
祖母島
17%
群馬大津
17%
下野花岡
17%
東清川
17%
上総松丘
17%
甲斐大泉
17%
内野
17%
鳴子御殿湯
17%
陸中大橋
17%
本八戸
17%
中小国
17%
潟町
15%
安田
15%
京ケ瀬
15%
間島
15%
今川
15%
羽前水沢
15%
羽前大山
15%
西袋
15%
砂越
15%
桂根
15%
喜久田
15%
塩川
15%
北五泉
15%
陸前富山
15%
陸前大塚
15%
置賜
15%
舟形
15%
後三年
15%
群馬原町
15%
常陸鴻巣
15%
俵田
15%
甲斐小泉
15%
中込
15%
津南
15%
出雲崎
15%
寺泊
15%
南吉田
15%
西燕
15%
南米沢
15%
西米沢
15%
柳津
15%
ゆだ錦秋湖
15%
十和田南
15%
西寒河江
15%
ウェスパ椿山
15%
上下浜
14%
茨目
14%
越後広田
14%
越後岩塚
14%
保内
14%
藤島
14%
本楯
14%
岩城みなと
14%
津川
14%
三川
14%
熊ケ根
14%
笹木野
14%
中川
14%
乱川
14%
横堀
14%
羽後境
14%
羽後飯塚
14%
前山
14%
陣場
14%
鶴ケ坂
14%
羽根尾
14%
袋倉
14%
小塙
14%
小櫃
14%
森宮野原
14%
24 南大町
14%
西山
14%
14%
上所
14%
三春
14%
東大崎
14%
瀬見温泉
14%
古口
14%
上盛岡
14%
区界
14%
川内
14%
八幡平
14%
東大館
14%
神山
13%
金塚
13%
小波渡
13%
三瀬
13%
小砂川
13%
羽後岩谷
13%
折渡
13%
翁島
13%
堂島
13%
姥堂
13%
高瀬
13%
東名
13%
蛇田
13%
羽前中山
13%
袖崎
13%
芦沢
13%
泉田
13%
大滝
13%
及位
13%
上湯沢
13%
下湯沢
13%
十文字
13%
神宮寺
13%
大張野
13%
上飯島
13%
鹿渡
13%
鶴形
13%
早口
13%
仁井田
13%
西金
13%
磐城石井
13%
下郡
13%
岩村田
13%
美里
13%
22 北大町
13%
大白川
13%
前谷地
13%
安比高原
13%
油川
13%
笠島
12%
長鳥
12%
塚山
12%
前川
12%
金浦
12%
羽後亀田
12%
大形
12%
新崎
12%
安子ケ島
12%
中山宿
12%
笈川
12%
会津豊川
12%
荻野
12%
葛岡
12%
陸前白沢
12%
下馬
12%
手樽
12%
鹿妻
12%
神町
12%
羽前豊里
12%
飯詰
12%
峰吉川
12%
鯉川
12%
糠沢
12%
下川沿
12%
白沢
12%
長峰
12%
岩島
12%
鴻野山
12%
常陸津田
12%
後台
12%
山方宿
12%
矢祭山
12%
磐城浅川
12%
南酒出
12%
額田
12%
信濃川上
12%
越後田中
12%
内野西が丘
12%
矢作
12%
会津高田
12%
会津坂本
12%
会津宮下
12%
涌谷
12%
猊鼻渓
12%
西大崎
12%
中山平温泉
12%
羽前前波
12%
高屋
12%
陸中川井
12%
茂市
12%
玉川
12%
蓬田
12%
今別
12%
南寒河江
12%
前潟
12%
小岩井
12%
驫木
12%
千畳敷
12%
木造
12%
加治
10%
平木田
10%
平林
10%
岩船町
10%
勝木
10%
小岩川
10%
関都
10%
咲花
10%
南出羽
10%
刈和野
10%
北金岡
10%
富根
10%
北常盤
10%
市城
10%
瓜連
10%
玉川村
10%
下小川
10%
上小川
10%
近津
10%
野木沢
10%
磐城守山
10%
佐久広瀬
10%
北飯山
10%
羽前椿
10%
会津中川
10%
会津横田
10%
会津大塩
10%
越後広瀬
10%
船引
10%
陸中松川
10%
岩出山
10%
有備館
10%
升形
10%
南野
10%
相野々
10%
花原市
10%
大更
10%
荒屋新町
10%
北野辺地
10%
羽前山辺
10%
羽前金沢
10%
赤渕
10%
北大曲
10%
向能代
10%
北能代
10%
藤崎
10%
南鳥海
9%
西目
9%
道川
9%
下浜
9%
早通
9%
黒山
9%
上戸
9%
川桁
9%
東長原
9%
広田
9%
山都
9%
馬下
9%
漆山
9%
高擶
9%
釜淵
9%
三関
9%
醍醐
9%
柳田
9%
郷原
9%
矢倉
9%
中舟生
9%
下野宮
9%
南石井
9%
谷河原
9%
佐久海ノ口
9%
東小諸
9%
替佐
9%
越後鹿渡
9%
38 梓橋
9%
37 一日市場
9%
35 南豊科
9%
31 有明
9%
27 信濃松川
9%
26 安曇沓掛
9%
西中通
9%
礼拝
9%
粟生津
9%
越後曽根
9%
寺尾
9%
青山
9%
関屋
9%
羽前小松
9%
会津蒲生
9%
菅谷
9%
磐城常葉
9%
舞木
9%
陸前稲井
9%
のの岳
9%
陸前豊里
9%
西古川
9%
川渡温泉
9%
東長沢
9%
長沢
9%
津谷
9%
清川
9%
狩川
9%
江釣子
9%
似内
9%
上有住
9%
腹帯
9%
松尾八幡平
9%
大滝温泉
9%
陸奥湊
9%
階上
9%
種市
9%
羽前長崎
9%
羽前高松
9%
大釜
9%
神代
9%
羽後四ツ屋
9%
二田
9%
東八森
9%
北条
8%
上浜
8%
日出谷
8%
猿和田
8%
野上原
8%
東館
8%
中豊
8%
川辺沖
8%
泉郷
8%
川東
8%
小塩江
8%
龍岡城
8%
北中込
8%
乙女
8%
越後田沢
8%
越後岩沢
8%
30 安曇追分
8%
18 簗場
8%
小木ノ城
8%
小島谷
8%
越後赤塚
8%
成島
8%
犬川
8%
越後金丸
8%
越後下関
8%
越後大島
8%
会津本郷
8%
新鶴
8%
本名
8%
会津越川
8%
赤井
8%
小川郷
8%
江田
8%
夏井
8%
万石浦
8%
御岳堂
8%
陸中門崎
8%
摺沢
8%
千厩
8%
新月
8%
陸前谷地
8%
赤倉温泉
8%
大堀
8%
鵜杉
8%
横川目
8%
ゆだ高原
8%
小山田
8%
宮守
8%
山岸
8%
千徳
8%
長苗代
8%
津軽宮田
8%
津軽浜名
8%
東金井
8%
羽後長野
8%
あきた白神
8%
岩館
8%
十二湖
8%
艫作
8%
広戸
8%
陸奥鶴田
8%
鶴泊
8%
板柳
8%
尾登
6%
東下条
6%
新関
6%
里白石
6%
谷田川
6%
臼田
6%
上境
6%
越後水沢
6%
下条
6%
内ケ巻
6%
40 島内
6%
39 島高松
6%
33 柏矢町
6%
12 信濃森上
6%
11 白馬大池
6%
桐原
6%
小針
6%
中郡
6%
手ノ子
6%
越後片貝
6%
塔寺
6%
郷戸
6%
会津塩沢
6%
入広瀬
6%
魚沼田中
6%
要田
6%
上涌谷
6%
沢田
6%
真滝
6%
柴宿
6%
折壁
6%
塚目
6%
池月
6%
堺田
6%
立小路
6%
柳原
6%
立川目
6%
和賀仙人
6%
小松川
6%
土沢
6%
晴山
6%
岩根橋
6%
岩手二日町
6%
綾織
6%
松草
6%
蟇目
6%
北森
6%
陸中大里
6%
十二所
6%
種差海岸
6%
陸中八木
6%
陸中夏井
6%
春木場
6%
上二田
6%
船越
6%
八森
6%
白神岳登山口
6%
陸奥岩崎
6%
陸奥森田
6%
林崎
6%
上野尻
5%
徳沢
5%
豊実
5%
鹿瀬
5%
五十島
5%
松原湖
5%
馬流
5%
海瀬
5%
羽黒下
5%
滑津
5%
三岡
5%
信濃浅野
5%
立ケ花
5%
上桑名川
5%
桑名川
5%
信濃白鳥
5%
横倉
5%
土市
5%
魚沼中条
5%
36 中萱
5%
29 細野
5%
28 北細野
5%
21 信濃木崎
5%
19 海ノ口
5%
15 神城
5%
14 飯森
5%
10 千国
5%
荒浜
5%
石地
5%
岩室
5%
羽前沼沢
5%
羽前松岡
5%
若宮
5%
会津桧原
5%
会津西方
5%
早戸
5%
会津水沼
5%
越後須原
5%
藪神
5%
川前
5%
神俣
5%
大越
5%
佳景山
5%
鹿又
5%
曽波神
5%
渡波
5%
浦宿
5%
和渕
5%
岩ノ下
5%
小梨
5%
矢越
5%
上野目
5%
藤根
5%
黒沢
5%
柏木平
5%
鱒沢
5%
荒谷前
5%
青笹
5%
岩手上郷
5%
平倉
5%
足ケ瀬
5%
洞泉
5%
松倉
5%
小佐野
5%
箱石
5%
東大更
5%
兄畑
5%
湯瀬温泉
5%
扇田
5%
小中野
5%
吹越
5%
中沢
5%
郷沢
5%
瀬辺地
5%
柴橋
5%
刺巻
5%
生田
5%
鑓見内
5%
鳥形
5%
沢目
5%
陸奥沢辺
5%
横磯
5%
追良瀬
5%
風合瀬
5%
北金ケ沢
5%
陸奥柳田
5%
陸奥赤石
5%
鳴沢
5%
中田
5%
海尻
4%
高岩
4%
八千穂
4%
青沼
4%
太田部
4%
中佐都
4%
上今井
4%
信濃平
4%
西大滝
4%
平滝
4%
足滝
4%
25 信濃常盤
4%
20 稲尾
4%
16 南神城
4%
妙法寺
4%
萩生
4%
伊佐領
4%
滝谷
4%
上条
4%
岩沢
4%
平館
4%
赤坂田
4%
小屋の畑
4%
横間
4%
田山
4%
柴平
4%
末広
4%
土深井
4%
沢尻
4%
白銀
4%
陸奥白浜
4%
大久喜
4%
金浜
4%
大蛇
4%
角の浜
4%
平内
4%
陸中中野
4%
侍浜
4%
有戸
4%
近川
4%
金谷沢
4%
赤川
4%
奥内
4%
左堰
4%
後潟
4%
大川平
4%
鶯野
4%
出戸浜
4%
脇本
4%
羽立
4%
大間越
4%
松神
4%
大戸瀬
4%
越水
4%
宿戸
3%
有家
3%
有畑
3%
滝ノ間
3%
No matching quizzes found
Score Distribution
Percent of People with Each Score
Percentile by Number Answered
Your Score History
You have not taken this quiz since the last reset